| 000 | 01240nam a22002777a 4500 | ||
|---|---|---|---|
| 999 |
_c119766 _d119766 |
||
| 003 | dpl | ||
| 005 | 20190503131200.0 | ||
| 008 | 190503b ||||| |||| 00| 0 eng d | ||
| 010 | _aB-044016 | ||
| 020 | _c00.00 | ||
| 035 | _aB-044016, B-044021 | ||
| 037 | _bCen Lib/Ret | ||
| 040 |
_aDPL _bHN _c0 |
||
| 082 |
_a640 _bभार्गव |
||
| 100 |
_aभार्गव, बेला _986749 |
||
| 245 |
_aगृह प्रबंध, साधन व्यवस्था, एवं आतंरिक सज्जा / _cबेला भार्गव |
||
| 246 |
_aGrah prabandh, sadhan vyavastha evam aantarik sajja / _bby Bela Bhargava |
||
| 260 |
_aजयपुर _bयूनिवर्सिटी बुक हाउस _c2001 |
||
| 270 |
_bजयपुर _a79, चौड़ा रास्ता _e302001 |
||
| 300 |
_a297पृ. _c21सेमी (सजिल्द) |
||
| 650 |
_aगृह प्रबंध--समय व्यवस्था _986750 |
||
| 650 |
_aपारिवारिक साधन व्यवस्था _986751 |
||
| 650 |
_aHome Management--Time system _986752 |
||
| 650 |
_aFamily resource management _986753 |
||
| 942 |
_2ddc _cHN _h640 _mभार्गव |
||